[Event "Xtracon Chess Open 2017"]
[Site "Helsingor DEN"]
[Date "2017.07.29"]
[Round "9.166"]
[White "Petersen, Jan"]
[Black "Norevall, Ulf"]
[Result "1-0"]
[WhiteElo "1628"]
[BlackElo "1769"]
[WhiteFideId "1426320"]
[BlackFideId "1705555"]
[EventDate "2017.07.22"]

1. d4 d5 2. c4 c6 3. Nc3 dxc4 4. a4 e5 5. dxe5 Qxd1+ 6. Nxd1 f6 7. Bf4 Bb4+ 8.
Nc3 Be6 9. e3 Nd7 10. Nf3 fxe5 11. Nxe5 Nxe5 12. Bxe5 Nf6 13. Be2 O-O 14. O-O
Nd7 15. Bg3 Nc5 16. Na2 a5 17. Nxb4 axb4 18. Bd6 Nb3 19. Bxf8 Nxa1 20. Bxb4 Rxa4
21. Bc3 b5 22. Rd1 b4 23. Be5 Nb3 24. h3 Ra5 25. Bd6 c5 26. Be5 Kf7 27. Rd8 Ra1+
28. Kh2 Re1 29. Bf3 Nc1 30. Ra8 Nd3 31. Ra7+ Ke8 32. Bc6+ Kd8 33. Bxg7 c3 34.
bxc3 b3 35. Bf6+ Kc8 36. Be7 b2 37. Bd6 Ra1 38. Rxh7 Rh1+ 39. Kg3 Rxh3+ 40. gxh3 1-0

[Event "Xtracon Chess Open 2017"]
[Site "Helsingor DEN"]
[Date "2017.07.29"]
[Round "9.167"]
[White "Easwaralingam, Janith"]
[Black "Overmark, Ole"]
[Result "0-1"]
[WhiteElo "1621"]
[BlackElo "1767"]
[WhiteFideId "1448560"]
[BlackFideId "1410776"]
[EventDate "2017.07.22"]

1. e4 c5 2. Nc3 Nc6 3. f4 d6 4. Nf3 e6 5. Bb5 a6 6. Bxc6+ bxc6 7. O-O Ne7 8. d3
d5 9. e5 Nf5 10. Ne2 Be7 11. Qe1 O-O 12. Ng3 Nh4 13. Qe3 Nxf3+ 14. Rxf3 f5 15.
Nh1 d4 16. Qe2 Qe8 17. Rh3 Bb7 18. Bd2 c4 19. dxc4 c5 20. Rd1 Qc6 21. b3 Qe4 22.
Qxe4 fxe4 23. Rf1 a5 24. a4 e3 25. Bc1 Be4 26. c3 Rab8 27. cxd4 cxd4 28. Bxe3
dxe3 0-1

[Event "Xtracon Chess Open 2017"]
[Site "Helsingor DEN"]
[Date "2017.07.29"]
[Round "9.168"]
[White "Sundin, Sven-Ingvar"]
[Black "Skovgaard, Emil"]
[Result "0-1"]
[WhiteElo "1607"]
[BlackElo "1764"]
[WhiteFideId "1724517"]
[BlackFideId "1450972"]
[EventDate "2017.07.22"]

1. e4 c5 2. Nf3 d6 3. d4 cxd4 4. Nxd4 Nf6 5. Nc3 g6 6. Be3 Bg7 7. f3 O-O 8. Qd2
Nc6 9. O-O-O Bd7 10. g4 Rc8 11. Kb1 Re8 12. h4 h5 13. gxh5 Nxh5 14. Nxc6 Bxc6
15. Bd4 Qa5 16. Bxg7 Nxg7 17. Bh3 Rc7 18. Bg4 e6 19. h5 gxh5 20. Bxh5 Nxh5 21.
Qh6 f5 22. Rxh5 Rg7 23. Rg5 Qc7 24. Rh1 Rxg5 25. Qxg5+ Qg7 26. Qxg7+ Kxg7 27.
Kc1 f4 28. Rh4 e5 29. Nd1 b5 30. b4 Rh8 31. Rxh8 Kxh8 32. Kd2 Kg7 33. Nb2 d5 34.
exd5 Bxd5 35. Ke2 Bxa2 36. Nd3 Kf6 37. Nc5 Bc4+ 38. Kf2 Ke7 39. Ne4 Ke6 40. c3
Kd5 41. Nd2 Bd3 42. Ke1 Kc6 43. Nb3 Bc2 44. Nc1 Kb6 45. Kd2 Bg6 46. Nb3 Bf7 47.
Nc5 Kc6 48. Nd3 Kd5 49. Nb2 Bg6 50. Nd1 Bh5 51. Ke2 Kc4 52. Nb2+ Kxc3 53. Nd3
Bxf3+ 0-1

[Event "Xtracon Chess Open 2017"]
[Site "Helsingor DEN"]
[Date "2017.07.29"]
[Round "9.169"]
[White "Rendlev, Niels Moller"]
[Black "Nilssen, Steinar"]
[Result "1-0"]
[WhiteElo "1756"]
[BlackElo "1608"]
[WhiteFideId "1409042"]
[BlackFideId "1525620"]
[EventDate "2017.07.22"]

1. f4 Nf6 2. Nf3 g6 3. g3 Bg7 4. d3 O-O 5. Bg2 d5 6. O-O Bg4 7. c3 Re8 8. Nbd2
c6 9. h3 Bf5 10. g4 Bd7 11. e4 dxe4 12. dxe4 Bxg4 13. hxg4 Nxg4 14. Nc4 Qc7 15.
Qe2 Nd7 16. e5 b5 17. Ne3 Qb6 18. Nd4 Nxe3 19. Bxe3 Rac8 20. Nxc6 Qa6 21. Nxa7
Rb8 22. a4 Qe6 23. Nxb5 f6 24. Nc7 1-0

[Event "Xtracon Chess Open 2017"]
[Site "Helsingor DEN"]
[Date "2017.07.29"]
[Round "9.170"]
[White "Yilmaz, Kazim"]
[Black "Nielsen, Jorgen Kamp"]
[Result "0-1"]
[WhiteElo "1527"]
[BlackElo "1751"]
[WhiteFideId "1514326"]
[BlackFideId "1413279"]
[EventDate "2017.07.22"]

1. e4 c5 2. Nc3 g6 3. Nf3 Bg7 4. Bc4 Nc6 5. O-O d6 6. h3 Nf6 7. d3 Na5 8. Bb5+
Bd7 9. Bxd7+ Qxd7 10. e5 dxe5 11. Nxe5 Qd8 12. Be3 b6 13. d4 cxd4 14. Qxd4 O-O
15. Qxd8 Rfxd8 16. Rad1 Ne4 17. Nxe4 Bxe5 18. c3 Nc4 19. Bc1 b5 20. f4 Bc7 21.
b3 Bb6+ 22. Kh1 Ne3 23. Bxe3 Bxe3 24. Rde1 Bb6 25. f5 Rac8 26. fxg6 hxg6 27. g4
Rd3 28. Kg2 Ba5 29. b4 Bb6 30. Rf3 Rcd8 31. Rxd3 Rxd3 32. Rf1 f6 33. Rf3 Rd5 34.
h4 f5 35. gxf5 gxf5 36. Ng5 Kg7 37. Kf1 Kf6 38. Ne4+ Ke5 39. Ng3 f4 40. Ne2 Rd1+
41. Kg2 Rd2 42. Kf1 Be3 43. h5 Ke4 44. Rh3 f3 45. Ng3+ Kd3 46. Ke1 Rxa2 47. h6
Ra1# 0-1

[Event "Xtracon Chess Open 2017"]
[Site "Helsingor DEN"]
[Date "2017.07.29"]
[Round "9.171"]
[White "Hojgaard, Brandur"]
[Black "Tryggestad, Linnea Garberg"]
[Result "1/2-1/2"]
[WhiteElo "1747"]
[BlackElo "1597"]
[WhiteFideId "7201478"]
[BlackFideId "1518623"]
[EventDate "2017.07.22"]

1. d4 Nf6 2. Nf3 g6 3. Bf4 Bg7 4. e3 d5 5. Bd3 b6 6. Qe2 Bb7 7. Nbd2 c5 8. c3
O-O 9. O-O Nc6 10. h3 Re8 11. Bh2 Nd7 12. Rfd1 e5 13. dxe5 Ncxe5 14. Nxe5 Nxe5
15. Bb5 Re7 16. Qf1 Qc8 17. Be2 a5 18. Nf3 h6 19. Rd2 Qe8 20. Rad1 Rd8 21. Nxe5
Bxe5 22. Bf3 Bxh2+ 23. Kxh2 Red7 24. g3 Qe6 25. Qg2 c4 26. e4 dxe4 27. Rxd7 Rxd7
28. Rxd7 Qxd7 29. Bxe4 Bxe4 30. Qxe4 Qd2 31. Qe8+ 1/2-1/2

[Event "Xtracon Chess Open 2017"]
[Site "Helsingor DEN"]
[Date "2017.07.29"]
[Round "9.172"]
[White "Dittrich, Hans-Georg"]
[Black "Rasmussen, Ole"]
[Result "1/2-1/2"]
[WhiteElo "1742"]
[BlackElo "1577"]
[WhiteFideId "12923591"]
[BlackFideId "1417118"]
[EventDate "2017.07.22"]

1. e4 c5 2. Nf3 d6 3. d4 cxd4 4. Nxd4 Nf6 5. Nc3 g6 6. f3 Bg7 7. Be3 O-O 8. Qd2
Nc6 9. O-O-O d5 10. exd5 Nxd5 11. Nxc6 bxc6 12. Bd4 Bxd4 13. Qxd4 Qa5 14. Nxd5
cxd5 15. Qxd5 Qc7 16. Qc4 Qb6 17. Qd5 Qc7 1/2-1/2

[Event "Xtracon Chess Open 2017"]
[Site "Helsingor DEN"]
[Date "2017.07.29"]
[Round "9.173"]
[White "Winther, Bjarke Rosenborg"]
[Black "Tonnesen, Jan Ryder"]
[Result "1/2-1/2"]
[WhiteElo "1741"]
[BlackElo "1575"]
[WhiteFideId "1447173"]
[BlackFideId "1461869"]
[EventDate "2017.07.22"]

1. e4 e5 2. Nf3 Nc6 3. Bc4 Nf6 4. Ng5 d5 5. exd5 Na5 6. Bb5+ c6 7. dxc6 Nxc6 8.
Bc4 Bg4 9. Be2 Bxe2 10. Qxe2 Qd5 11. Nf3 Bc5 12. Nc3 Qe6 13. O-O O-O 14. d3 Rfe8
15. Be3 Bxe3 16. Qxe3 a6 17. Rfe1 Qd6 18. a3 Nd4 19. Rac1 Ng4 20. Qg5 Nxf3+ 21.
gxf3 Nh6 22. Ne4 Qc6 23. Kf1 Re6 24. Ke2 Qc7 25. Rg1 Rg6 26. Qd2 Qb6 27. Qc3 Nf5
28. Rxg6 Nd4+ 29. Kf1 Qxg6 30. Ng3 Nxf3 31. Kg2 Nh4+ 32. Kh1 Nf3 33. Kg2 Nh4+ 1/2-1/2

[Event "Xtracon Chess Open 2017"]
[Site "Helsingor DEN"]
[Date "2017.07.29"]
[Round "9.174"]
[White "Morling, Aase"]
[Black "Verboven, Arnout"]
[Result "0-1"]
[WhiteElo "1512"]
[BlackElo "1739"]
[WhiteFideId "1440993"]
[BlackFideId "236012"]
[EventDate "2017.07.22"]

1. e4 e6 2. d4 d5 3. e5 c5 4. c3 Nc6 5. Nf3 Qb6 6. Bd3 Nge7 7. O-O Nf5 8. Bxf5
exf5 9. dxc5 Bxc5 10. b4 Be7 11. Qxd5 Be6 12. Qd2 O-O 13. Na3 a5 14. b5 Na7 15.
Rb1 Rac8 16. Qb2 Bxa3 17. Qxa3 Nxb5 18. Qb2 Bc4 19. Rd1 Qe6 20. Nd4 Nxd4 21.
cxd4 Bxa2 22. Ra1 Bb3 23. Rd3 a4 24. Rc3 b5 25. Rxc8 Rxc8 26. Qa3 Qc4 27. Be3 b4
28. Qc1 Qxc1+ 29. Rxc1 Rxc1+ 30. Bxc1 a3 31. Kf1 Kf8 32. f4 Ke7 33. Ke2 Ke6 34.
Ke3 Bc2 35. Kd2 Be4 36. g3 Kd5 37. Ke3 h5 38. h4 Kc4 39. d5 Kxd5 40. Kd2 Kc4 41.
Ke3 Kc3 42. Bd2+ Kc2 0-1

[Event "Xtracon Chess Open 2017"]
[Site "Helsingor DEN"]
[Date "2017.07.29"]
[Round "9.175"]
[White "Fransson, Pia"]
[Black "Tolba, Henri"]
[Result "1/2-1/2"]
[WhiteElo "1482"]
[BlackElo "1729"]
[WhiteFideId "1724207"]
[BlackFideId "1418246"]
[EventDate "2017.07.22"]

1. d4 Nf6 2. c4 e6 3. Nf3 b6 4. g3 Ba6 5. Qc2 Bb4+ 6. Bd2 Be7 7. Bg2 Bb7 8. O-O
Be4 9. Qc1 d5 10. Nc3 Bg6 11. cxd5 exd5 12. Ne5 c5 13. Nxg6 hxg6 14. e4 dxe4 15.
Nxe4 Nbd7 16. Nxf6+ Bxf6 17. Re1+ Kf8 18. Bxa8 Qxa8 19. dxc5 Nxc5 20. Bb4 Rh5
21. Qc2 Kg8 22. Rad1 Qc8 23. Bxc5 bxc5 24. b3 Qh3 25. f4 Bd4+ 26. Kh1 Qxg3 27.
Rf1 Qh3 28. Qg2 Qxg2+ 29. Kxg2 g5 30. b4 gxf4 31. bxc5 Bxc5 32. Rxf4 Bb6 33. a3
Ra5 34. a4 Re5 35. Rd2 Re8 36. Rd7 f6 37. Kf3 Re3+ 38. Kg4 Re5 39. Rf5 Re4+ 40.
Rf4 Re5 41. h4 Be3 42. Rc4 a5 43. Rcc7 Bh6 44. Re7 Rd5 45. Rcd7 Rc5 46. Rc7 1/2-1/2

[Event "Xtracon Chess Open 2017"]
[Site "Helsingor DEN"]
[Date "2017.07.29"]
[Round "9.176"]
[White "Christiansen, Torsten Sundgaar"]
[Black "Svane, Freja"]
[Result "1-0"]
[WhiteElo "1718"]
[BlackElo "1451"]
[WhiteFideId "1419714"]
[BlackFideId "12940100"]
[EventDate "2017.07.22"]

1. e4 c6 2. d4 d5 3. e5 Bf5 4. Bd3 Bxd3 5. Qxd3 e6 6. Nf3 Ne7 7. Nbd2 Nf5 8. Nf1
Nd7 9. c3 c5 10. g4 Nh4 11. Nxh4 Qxh4 12. Qg3 Qd8 13. h4 cxd4 14. cxd4 Bb4+ 15.
Nd2 Qb6 16. Qd3 Nb8 17. a3 Be7 18. f4 Nc6 19. Nf3 h5 20. g5 g6 21. Rh2 a5 22.
Rc2 a4 23. Bd2 O-O 24. Rb1 Qa7 25. Bc3 Rfc8 26. Nd2 Qa6 27. Ke2 Nxd4+ 28. Bxd4
Rxc2 29. Qxa6 Rxa6 30. Bc3 Rxc3 31. bxc3 Bxa3 32. Rxb7 Bc1 33. Rb1 Ba3 34. c4
Bf8 35. cxd5 a3 36. d6 a2 37. Ra1 Ra4 38. Ke3 Ra3+ 39. Ke4 Ra4+ 40. Ke3 Ra3+ 41.
Kd4 Ra5 42. Nc4 Ra4 43. Kc5 Ra6 44. Kb5 Ra8 45. Na5 Rb8+ 46. Kc6 Rb1 47. Rxa2
Rc1+ 48. Kd7 Rh1 49. Ke8 Rxh4 50. Ra4 Rh1 51. d7 Rd1 52. d8=Q Rxd8+ 53. Kxd8 h4
54. Nb7 h3 55. Nd6 h2 56. Ra1 f6 57. Kd7 Kg7 58. exf6+ Kg8 59. Kxe6 Be7 60. f7+
Kf8 61. Ra8+ Kg7 62. Kxe7 h1=Q 63. f8=Q+ Kh7 64. Qh8# 1-0

[Event "Xtracon Chess Open 2017"]
[Site "Helsingor DEN"]
[Date "2017.07.29"]
[Round "9.177"]
[White "Nesse, David"]
[Black "Aasen, Fredrik"]
[Result "1-0"]
[WhiteElo "1718"]
[BlackElo "1430"]
[WhiteFideId "1519875"]
[BlackFideId "1539060"]
[EventDate "2017.07.22"]

1. e4 e6 2. Qe2 c5 3. Nf3 g6 4. g3 Bg7 5. Bg2 Nc6 6. h4 h6 7. O-O Nge7 8. c3 O-O
9. d4 cxd4 10. cxd4 d5 11. e5 Bd7 12. Nc3 a6 13. a3 Na5 14. Qc2 Rc8 15. g4 Bb5
16. Rd1 Qe8 17. h5 Ba4 18. Qd3 Bxd1 19. Nxd1 Qb5 20. Qb1 Nb3 21. Be3 gxh5 22. a4
Qc6 23. Ra3 Na5 24. Rc3 Qe8 25. g5 hxg5 26. Bxg5 Rxc3 27. Nxc3 f6 28. exf6 Bxf6
29. Bh6 Bg7 30. Ng5 Nf5 31. Bxg7 Kxg7 32. Qe1 Nxd4 33. Qe5+ Kg6 34. Qxd4 Kxg5
35. Qg7+ Kf5 36. Bh3+ Kf4 37. Qg3# 1-0

[Event "Xtracon Chess Open 2017"]
[Site "Helsingor DEN"]
[Date "2017.07.29"]
[Round "9.178"]
[White "Hansen, Verner"]
[Black "Ronnestad, Liam Jansson"]
[Result "1-0"]
[WhiteElo "1855"]
[BlackElo "1569"]
[WhiteFideId "1425285"]
[BlackFideId "1523384"]
[EventDate "2017.07.22"]

1. e4 c5 2. Nf3 g6 3. d4 cxd4 4. Nxd4 Bg7 5. Be3 Nc6 6. Nc3 Nf6 7. Be2 O-O 8.
Qd2 d5 9. Nxc6 bxc6 10. e5 Nd7 11. f4 e6 12. h4 f6 13. exf6 Bxf6 14. h5 gxh5 15.
O-O-O c5 16. Bf2 Rf7 17. Rxh5 Bxc3 18. Qxc3 Qf6 19. Rg5+ Kh8 20. Be1 d4 21. Qf3
Qxf4+ 22. Bd2 Qxf3 23. Bxf3 Rb8 24. Re1 Re7 25. Bd5 Nf8 26. Bf4 1-0

[Event "Xtracon Chess Open 2017"]
[Site "Helsingor DEN"]
[Date "2017.07.29"]
[Round "9.179"]
[White "Hina, Ariza"]
[Black "Tenold, Andreas"]
[Result "0-1"]
[WhiteElo "1555"]
[BlackElo "1845"]
[WhiteFideId "1525441"]
[BlackFideId "1525840"]
[EventDate "2017.07.22"]

1. e4 g6 2. d4 Bg7 3. Nf3 d6 4. Bc4 Nf6 5. Nc3 O-O 6. O-O c6 7. Bf4 b5 8. Bb3 b4
9. Ne2 Nxe4 10. Qd3 Nf6 11. Qd2 Qb6 12. Bh6 Bf5 13. Nh4 Bg4 14. f3 Bd7 15. g4
Na6 16. g5 Bxh6 17. gxh6 Qb5 18. Ng3 c5 19. dxc5 dxc5 20. c4 bxc3 21. Qxc3 Qb6
22. Rf2 Qb4 23. Qe3 Qxh4 24. Qxe7 Qf4 25. Qe2 Nc7 26. Qe7 Ne6 27. Bxe6 Bxe6 28.
Qxc5 Qxh6 29. Rd1 Rfc8 0-1

[Event "Xtracon Chess Open 2017"]
[Site "Helsingor DEN"]
[Date "2017.07.29"]
[Round "9.180"]
[White "Hansen, Tommy"]
[Black "Cuyx, Tomas"]
[Result "0-1"]
[WhiteElo "1785"]
[BlackElo "1495"]
[WhiteFideId "1511009"]
[BlackFideId "244619"]
[EventDate "2017.07.22"]

1. e4 e5 2. Nf3 Nc6 3. d4 exd4 4. Bc4 Bc5 5. c3 Nf6 6. e5 d5 7. Bb5 Ne4 8. cxd4
Bb6 9. O-O Bg4 10. Be3 O-O 11. Bxc6 bxc6 12. Qc1 Bxf3 13. gxf3 Qh4 14. Qxc6 Ng5
15. Nd2 Nxf3+ 16. Nxf3 Qg4+ 17. Kh1 Qxf3+ 18. Kg1 Rae8 19. Rfd1 Re6 20. Qc2 Rg6+
21. Kf1 Rg2 22. b4 Rxh2 23. Ke1 Qxe3+ 0-1

[Event "Xtracon Chess Open 2017"]
[Site "Helsingor DEN"]
[Date "2017.07.29"]
[Round "9.181"]
[White "Christophersen, David"]
[Black "Stage, Mathias Juul"]
[Result "1-0"]
[WhiteElo "1741"]
[BlackElo "1544"]
[WhiteFideId "1413619"]
[BlackFideId "1463306"]
[EventDate "2017.07.22"]

1. d4 Nf6 2. Nc3 g6 3. e4 d6 4. Be3 Bg7 5. f3 O-O 6. Qd2 Re8 7. O-O-O Nc6 8. g4
e5 9. d5 Ne7 10. h4 a6 11. Nge2 b5 12. Ng3 Nxg4 13. fxg4 Bxg4 14. Be2 Bxe2 15.
Ncxe2 Qd7 16. Rdf1 Rec8 17. h5 c5 18. hxg6 Nxg6 19. Nf5 a5 20. Neg3 Bh8 21. Nh6+
Kf8 22. Rxf7+ Qxf7 23. Nxf7 Kxf7 24. Rxh7+ Kg8 25. Qh2 a4 26. Nf5 a3 27. Ne7+
Nxe7 28. Rxh8+ Kf7 29. Qh7+ Kf6 30. Qh4+ Kg6 31. Qg5+ Kf7 32. Rh7+ 1-0

[Event "Xtracon Chess Open 2017"]
[Site "Helsingor DEN"]
[Date "2017.07.29"]
[Round "9.182"]
[White "Kristensen, Lars Ostergaard"]
[Black "Bredeli, Havard Iversen"]
[Result "1-0"]
[WhiteElo "1701"]
[BlackElo "1443"]
[WhiteFideId "1415018"]
[BlackFideId "1514440"]
[EventDate "2017.07.22"]

1. d4 Nf6 2. c4 e6 3. Nc3 d5 4. cxd5 exd5 5. Bg5 Be6 6. e3 Bb4 7. Bd3 Nbd7 8.
Ne2 O-O 9. O-O c6 10. a3 Bd6 11. b4 Qc7 12. Bf4 Nb6 13. Qc2 h6 14. Rfc1 a6 15.
Na4 Nxa4 16. Qxa4 Bxf4 17. Nxf4 Bd7 18. Qb3 Qd6 19. Bf1 Bf5 20. Nd3 Nd7 21. Nc5
Nxc5 22. bxc5 Qc7 23. Ra2 Rab8 24. Rb2 Bg6 25. Qb6 Qe7 26. Qa5 f5 27. Qd2 Qf7
28. Rd1 f4 29. exf4 Qxf4 30. Qxf4 Rxf4 31. g3 Rff8 32. Re1 Be4 33. Re3 Rf3 34.
a4 Kf7 35. a5 Ke7 36. Rxf3 Bxf3 37. Rb3 Be4 38. f3 Bc2 39. Rb2 Bd1 40. Kf2 Kf6
41. Bxa6 Ra8 42. Bxb7 Rxa5 43. Bxc6 Kf5 44. Bxd5 Ra4 45. Be4+ Ke6 46. d5+ Kd7
47. Rb7+ Kc8 48. Rxg7 Ra2+ 49. Ke3 Ra6 50. d6 Ba4 51. Bb7+ 1-0

[Event "Xtracon Chess Open 2017"]
[Site "Helsingor DEN"]
[Date "2017.07.29"]
[Round "9.183"]
[White "Skjoldager, Morten"]
[Black "Nielsen, Leo Kresten Roland"]
[Result "0-1"]
[WhiteElo "1538"]
[BlackElo "1688"]
[WhiteFideId "1434322"]
[BlackFideId "1426095"]
[EventDate "2017.07.22"]

1. e4 e5 2. Nf3 Nf6 3. Nc3 Nc6 4. Bc4 Nxe4 5. Nxe4 d5 6. d3 dxc4 7. dxc4 Qxd1+
8. Kxd1 Bg4 9. h3 Bxf3+ 10. gxf3 O-O-O+ 11. Bd2 g6 12. c3 f5 13. Ng5 Bh6 14. h4
Rd7 15. Kc2 Rhd8 16. Rad1 Bxg5 17. Bxg5 Rxd1 18. Rxd1 Rxd1 19. Kxd1 Kd7 20. Kd2
Ke6 21. Kd3 f4 22. Ke4 b6 23. b4 a5 24. b5 Nb8 25. Bd8 Nd7 26. Bxc7 Nc5# 0-1

[Event "Xtracon Chess Open 2017"]
[Site "Helsingor DEN"]
[Date "2017.07.29"]
[Round "9.184"]
[White "Damm, Henrik"]
[Black "Bernstein, Jonas August"]
[Result "1-0"]
[WhiteElo "1506"]
[BlackElo "1665"]
[WhiteFideId "1425013"]
[BlackFideId "1532154"]
[EventDate "2017.07.22"]

1. c4 e5 2. Nc3 Bb4 3. g3 Bxc3 4. bxc3 d6 5. Bg2 Nc6 6. d3 Nge7 7. Nf3 O-O 8.
O-O h6 9. Ne1 Be6 10. Rb1 Rb8 11. Be3 b6 12. Nc2 Qd7 13. Nb4 Na5 14. Bd2 f5 15.
f4 e4 16. Be3 Rbe8 17. Nc2 d5 18. c5 d4 19. Bxd4 Bxa2 20. Rb2 Bd5 21. cxb6 cxb6
22. Ne3 Ba8 23. Be5 Qc8 24. c4 Rd8 25. Qa1 exd3 26. Nd5 Nxd5 27. cxd5 Qc5+ 28.
Kh1 Bxd5 29. exd3 Bxg2+ 30. Rxg2 Rd7 31. d4 Qd5 32. Kg1 Nc4 33. Re1 Kh7 34. g4
fxg4 35. Rxg4 Rff7 36. Qc3 a5 37. Qd3+ Kg8 38. Qg6 Nxe5 39. dxe5 Qc5+ 40. Kh1
Qd5+ 41. Kg1 Ra7 42. e6 Rfe7 43. f5 Qd2 44. Rf1 Qe3+ 45. Kh1 Kh8 46. f6 Qxe6 47.
fxg7+ 1-0

[Event "Xtracon Chess Open 2017"]
[Site "Helsingor DEN"]
[Date "2017.07.29"]
[Round "9.185"]
[White "Shehzad, Kasher"]
[Black "Christoffersen, Micki Aron"]
[Result "1-0"]
[WhiteElo "1650"]
[BlackElo "1444"]
[WhiteFideId "1521934"]
[BlackFideId "1454021"]
[EventDate "2017.07.22"]

1. e4 e5 2. c3 Nf6 3. Nf3 Nc6 4. Bb5 g6 5. O-O d6 6. d4 a6 7. Bxc6+ bxc6 8. dxe5
Nxe4 9. exd6 Nxd6 10. Re1+ Be6 11. Bg5 Qd7 12. Nd4 Be7 13. Bh6 Nf5 14. Nxf5 Bxf5
15. Nd2 O-O-O 16. Qa4 Kb7 17. Nc4 Ka7 18. Be3+ c5 19. Qa5 Rhe8 20. b4 Qc6 21. a4
Kb8 22. b5 Qd7 23. Ne5 1-0

[Event "Xtracon Chess Open 2017"]
[Site "Helsingor DEN"]
[Date "2017.07.29"]
[Round "9.186"]
[White "Tjora, Alexander"]
[Black "Starup, Leo"]
[Result "1-0"]
[WhiteElo "1434"]
[BlackElo "1629"]
[WhiteFideId "1528203"]
[BlackFideId "1422669"]
[EventDate "2017.07.22"]

1. d4 d5 2. c4 e6 3. Nc3 Nf6 4. cxd5 exd5 5. Bg5 Nbd7 6. e3 Be7 7. Bd3 h6 8. Bh4
O-O 9. Nge2 b6 10. Rc1 Bb7 11. Bg3 c5 12. Nf4 Re8 13. O-O Rc8 14. Qf3 Ba8 15.
Ba6 Ne4 16. Rfd1 Ndf6 17. Bxc8 Qxc8 18. Qe2 Qb7 19. Nxe4 Nxe4 20. f3 Nxg3 21.
hxg3 cxd4 22. Qb5 Rd8 23. exd4 Bf6 24. Qd3 Qd7 25. Qc3 Qa4 26. Nh5 Be7 27. Qc7
Qe8 28. Re1 Rd7 29. Qe5 f6 30. Qe6+ Kh8 31. Qg4 Qf8 32. Qxd7 1-0

[Event "Xtracon Chess Open 2017"]
[Site "Helsingor DEN"]
[Date "2017.07.29"]
[Round "9.187"]
[White "Dahl, Ian"]
[Black "Jansson, Helge"]
[Result "0-1"]
[WhiteElo "1347"]
[BlackElo "1627"]
[WhiteFideId "1520210"]
[BlackFideId "1523198"]
[EventDate "2017.07.22"]

1. e4 e6 2. d4 d5 3. exd5 exd5 4. Bd3 Bd6 5. Ne2 Bg4 6. O-O Nf6 7. Re1 O-O 8. f3
Bh5 9. Nf4 Bg6 10. Nxg6 hxg6 11. Bg5 Nbd7 12. Nc3 c6 13. Ne2 Qc7 14. g3 Rfe8 15.
c4 Rac8 16. Qc2 Qd8 17. Nf4 Nf8 18. Ng2 Ne6 19. Be3 dxc4 20. Bxc4 Nd5 21. Bf2
Qf6 22. Rad1 Qxf3 23. Rd2 Ng5 24. Rde2 Rxe2 25. Rxe2 Qg4 26. Bxd5 cxd5 27. Qd1
Nf3+ 28. Kh1 Qh3 29. Bg1 Qh5 30. Nf4 Bxf4 31. gxf4 Nxg1 32. Kxg1 Qg4+ 33. Kf2
Qxf4+ 34. Kg2 Kh7 35. Qd3 Qg4+ 36. Kf2 Rc1 37. Re8 Qg1+ 38. Kf3 Rf1+ 39. Ke2
Re1+ 0-1

[Event "Xtracon Chess Open 2017"]
[Site "Helsingor DEN"]
[Date "2017.07.29"]
[Round "9.189"]
[White "Hansen, Anders2"]
[Black "Lenaerts, Robbe"]
[Result "1-0"]
[WhiteElo "1624"]
[BlackElo "1386"]
[WhiteFideId "1711237"]
[BlackFideId "236853"]
[EventDate "2017.07.22"]

1. b3 d5 2. Bb2 e6 3. Nf3 Nf6 4. d3 Bd6 5. g3 b6 6. Bg2 Bb7 7. O-O O-O 8. Re1
Nbd7 9. Nbd2 Nc5 10. c3 Ncd7 11. c4 c5 12. e4 Ng4 13. d4 dxe4 14. Nxe4 Bxe4 15.
Rxe4 Ngf6 16. Re1 Qc7 17. Ne5 Rad8 18. Nc6 Rde8 19. Ne5 cxd4 20. Nxd7 Nxd7 21.
Bxd4 Rd8 22. Bb2 Be5 23. Qc1 Bxb2 24. Qxb2 Nc5 25. Qe2 Nd3 26. Red1 Nb4 27. Be4
Qe5 28. Bxh7+ 1-0

[Event "Xtracon Chess Open 2017"]
[Site "Helsingor DEN"]
[Date "2017.07.29"]
[Round "9.190"]
[White "Jacobsen, Stig Jerlow"]
[Black "Gaure, Sigurd Lauvas"]
[Result "0-1"]
[WhiteElo "1209"]
[BlackElo "1619"]
[WhiteFideId "1519816"]
[BlackFideId "1524933"]
[EventDate "2017.07.22"]

1. d4 Nf6 2. Nf3 g6 3. e3 Bg7 4. Bd3 O-O 5. b3 d6 6. Bb2 Nbd7 7. Nbd2 c5 8. O-O
b6 9. Rb1 Bb7 10. c4 Qc7 11. d5 e6 12. dxe6 fxe6 13. Qc2 Rf7 14. Ng5 Re7 15. e4
Ne5 16. Bxe5 dxe5 17. h3 Rd8 18. Rbd1 Rd6 19. Ngf3 Rd8 20. Nb1 Red7 21. Nc3 a6
22. Rfe1 Bc6 23. Re3 b5 24. Ng5 Rd6 25. a3 h6 26. Nf3 Nxe4 27. Ne1 Nxc3 28. Qxc3
e4 29. Qc2 exd3 30. Rexd3 bxc4 31. bxc4 Rxd3 32. Rxd3 Rxd3 33. Qxd3 Qe5 34. Nf3
Qa1+ 35. Kh2 Be5+ 36. Nxe5 Qxe5+ 37. g3 Qe4 38. Qd8+ Kf7 39. Qc7+ Kf6 40. Qd8+
Kf5 41. Qf8+ Ke5 42. f4+ Kd4 43. Qf6+ Kxc4 0-1

[Event "Xtracon Chess Open 2017"]
[Site "Helsingor DEN"]
[Date "2017.07.29"]
[Round "9.191"]
[White "Kristensen, Thomas Overgaard"]
[Black "Hestholm, Gustav"]
[Result "0-1"]
[WhiteElo "1610"]
[BlackElo "1379"]
[WhiteFideId "1419803"]
[BlackFideId "1529153"]
[EventDate "2017.07.22"]

1. d4 Nf6 2. c4 c5 3. d5 b5 4. cxb5 a6 5. bxa6 g6 6. Nc3 Bg7 7. f4 O-O 8. Nf3 d6
9. e4 Qa5 10. Bd2 Bxa6 11. e5 dxe5 12. fxe5 Nfd7 13. Ne4 Qb6 14. Bc3 Bxf1 15.
Rxf1 Na6 16. Neg5 Nc7 17. Qd3 Nb5 18. Nxh7 Nxc3 19. Nxf8 Qxb2 20. Nxd7 Qxa1+ 21.
Kf2 Rxa2+ 22. Nd2 Qb2 23. Qf3 Qxd2+ 24. Kg1 Ne2+ 25. Kh1 Nf4 26. d6 exd6 27.
exd6 Qxg2+ 28. Qxg2 Nxg2 29. Rd1 Ne3 30. Re1 Bd4 31. Nb6 c4 32. d7 Bxb6 33. Rxe3
Kg7 34. Rc3 Ra1+ 35. Kg2 Ra2+ 36. Kf3 Rxh2 37. Rxc4 Rd2 38. Rc6 Bd8 39. Kg4 Rxd7
40. Kf3 Be7 41. Kg4 f5+ 42. Kf3 Rd6 43. Rc7 Kf6 44. Rc8 g5 45. Rg8 g4+ 46. Kf4
Rd4+ 47. Kg3 Rd8 48. Rxd8 Bxd8 49. Kg2 Kg5 50. Kg3 f4+ 51. Kg2 Kh4 52. Kh2 f3
53. Kg1 Bb6+ 54. Kh1 f2 55. Kg2 g3 56. Kf1 Kh3 57. Ke2 Kg2 0-1